AH International Schools' Libraries

Normal view MARC view
  • Mallards

Entry Topical Term

Number of records used in: 1

001 - CONTROL NUMBER

  • control field: 86917

003 - CONTROL NUMBER IDENTIFIER

  • control field: OSt

005 - DATE AND TIME OF LATEST TRANSACTION

  • control field: 20251119104711.0

008 - FIXED-LENGTH DATA ELEMENTS

  • fixed length control field: 251119|| aca||aabn | a|a d

040 ## - CATALOGING SOURCE

  • Original cataloging agency: OSt
  • Transcribing agency: OSt

150 ## - HEADING--TOPICAL TERM

  • Topical term or geographic name as entry element: Mallards
  • Form subdivision: Fiction

670 ## - SOURCE DATA FOUND

  • Source citation: Work cat.: (OSt)49791: McCloskey, Robert, 1914-2003, author, illustrator., Make way for ducklings /, 1999.

For any Logos Library related questions please contact Miss Art at swongnarasuk@asianhope.org.

For any Asian Hope Library related questions please contact Miss Raza at graza@asianhope.org.

Powered by Koha